000 01001nam0a2200289 i 4500
001 RU\NLR\bibl\1996525
005 20240921174702.0
010 _a9785389038011
_910000
021 _aRU
_b2013-2765
_9185
035 _a(NLR Aleph) 001984932
090 _a4143260
_c4143260
100 _a20130204d2013 u y0rusy50 ca
101 1 _arus
_ceng
102 _aRU
105 _ay |||||||||
200 1 _aСеребристый луч надежды
_e[роман]
_fМэтью Квик
_g[пер. с англ. Татьяны Максимовой]
210 _aСанкт-Петербург
_cАзбука
_cАзбука-Аттикус
_d2013
215 _a318, [1] с.
_d21
225 1 _aАзбука-бестселлер
686 _aШ6(7США)67-440.4{Лх1979-50}
700 1 _4070
_7ca
_8rus
_aКвик
_bМ.
_f1973-
_gМэтью
_9212189
_3RU\NLR\AUTH\770212245
801 0 _aRU
_bNLR
_c20130204
_gRCR
801 1 _aRU
_bNLR
_c20130204
942 _cBOOK
980 _aNBR